| 000 | 02138nam a22001457a 4500 | ||
|---|---|---|---|
| 999 |
_c533075 _d533075 |
||
| 008 | 260421b ||||| |||| 00| 0 eng d | ||
| 100 |
_aPeer, Arshid Hussain Rizvi, Ilma and Baig, M. A. _960152 |
||
| 245 | _aSpatial dynamics of food inflation in India: Insights from club convergence analysis | ||
| 260 | _aJournal of Social and Economic Development | ||
| 300 | _a27(3), Dec, 2025: p.917-934 | ||
| 520 | _aThis paper presents empirical evidence on the dynamics of food and beverage inflation in rural and urban India. This study aims to examine the evidence of total convergence of food and beverage inflation across different states/UTs. Exclusively, it also investigates the possibility of convergence between the rural and urban segments of each state/UT. To this end, the paper uses both annual and monthly data from January 2011 to February 2020. Annual inflation is used to rank the states/UTs based on average annual food and beverage inflation. The three best and worst performing states/UTs are reported for each year. Next, the convergence club methodology is employed on monthly data. The study finds strong evidence of multiple convergence clubs across rural and urban areas. It is also found that in around 50% of states/UTs, there is convergence across rural and urban areas. Specifically, we found three food and beverage inflation clubs in the rural segment and four clubs in the urban segment. The rural category has higher average food and beverages inflation than the urban one and the average difference between the high(low) clubs of rural and urban is 0.5 (0.15) %. The policy implications of the study suggest that the government needs to reduce the consumption and income gap between rural and urban areas as rural areas spend a large portion of their income on food components. There is also a need to integrate the rural and urban markets.- Reproduced https://link.springer.com/article/10.1007/s40847-024-00388-8 | ||
| 650 |
_aFood and beverages inflation, Clustering analysis, Club convergence, Rural and urban India _960153 |
||
| 773 | _aJournal of Social and Economic Development | ||
| 942 | _cAR | ||